Μαθήματα γεωβοτανικής
Αποθηκεύτηκε σε:
| Κύριος συγγραφέας: | |
|---|---|
| Άλλοι συγγραφείς: | |
| Μορφή: | Βιβλίο |
| Γλώσσα: | Greek |
| Δημοσίευση: |
Αθήνα :
Πανεπιστήμιο Πατρών,
2009
|
| Θέματα: | |
| Ετικέτες: |
Προσθήκη ετικέτας
Δεν υπάρχουν, Καταχωρήστε ετικέτα πρώτοι!
|
MARC
| LEADER | 00000nam a2200000 i 4500 | ||
|---|---|---|---|
| 001 | 1/63518 | ||
| 008 | 150115s2009 gre d | ||
| 020 | |a 978-960-530-099-9 | ||
| 035 | |l 10120428 | ||
| 040 | |a GR-MY-UA |b gre |e aacr | ||
| 041 | 0 | |a gre | |
| 082 | 0 | |a 581 |2 (23) | |
| 100 | 1 | |a Φοίτος, Δημήτρης Γ. | |
| 245 | 1 | 0 | |a Μαθήματα γεωβοτανικής / |c Δημήτριος Γ. Φοίτος & Γεωργία Α. Καμάρη |
| 260 | |a Αθήνα : |b Πανεπιστήμιο Πατρών, |c 2009 | ||
| 300 | |a 231 σ.; |b εικ.; |c 24 εκ. | ||
| 504 | |a Περιλαμβάνει ευρετήριο | ||
| 650 | 0 | 0 | |a Botany |z Greece. |
| 650 | 0 | 0 | |a Biodiversity |z Greece. |
| 650 | 0 | 0 | |a Plant diversity |z Greece. |
| 650 | 0 | 0 | |a Biological diversity |z Greece. |
| 700 | 1 | |a Καμάρη, Γεωργία. | |
| 852 | |a INST |b LESVOS |c EUDOXUS |e 20150115 |h 581 ΦΟΙ |p 005100056330 |q 005100056330 |t EDX |y 0 | ||
| 901 | |a BIBL1-2015-1 | ||
| 909 | |a Λ |b 191445 | ||
| 920 | |a ΕΥΔΟΞΟΣ |b ΠΑΡΑΓΓΕΛΙΑ |y ΛΕΣΒΟΣ-ΤΠ |z 2014-11 | ||
| 970 | |a ΤΖΑΦΕΡΗ |b ΕΥΑΓΓΕΛΙΑ |z 2015/01/16 | ||